000 02083nam0a2200445 4500
001 RU\NLR\bibl\1836357
005 20250616170339.0
010 _a978-5-98904-107-7
021 _aRU
_b2011-84305
_96005
035 _a(nilc)RSL-KNO-005064714
035 _a(NLR Aleph) 001826843
090 _a2082956
_c2082956
100 _a20111031d2011 |||y0rusy50 ca
101 0 _arus
102 _aRU
105 _aa |||||||||
200 1 _aПедагогическое сопровождение образовательной деятельности младших школьников
_eпозиция тьютора, технологии тьюторского сопровождения, подготовка тьюторов
_f[д.п.н., проф. Ворожцова И. Б., преп. Ворожцова Т.Б., к.п.н., доц. Колодкина Л.С. и др.
_gпод ред. И. Б. Ворожцовой]
210 _aИжевск
_cErgo
_d2011
215 _a143 с.
_cил., табл.
_d22
225 1 _aСерия "Probatum est"
300 _aНа обл. только 1-й авт.: И. Б. Ворожцова
300 _aАвт. указаны на обороте тит. л.
320 _aБиблиогр.: с. 132-139
606 1 _aДети младшего школьного возраста
_xПедагогическое изучение
_92574740
_3RU\NLR\auth\661522410
606 1 _aТьюторы
_xПодготовка
_92264519
_3RU\NLR\auth\661357572
686 _aЧ421,6(2)221.5,0
_2rubbk
686 _aЧ421,6(2)427,0
_2rubbk
686 _aЧ421.331.1
686 _aЧ489.518.28
701 1 _aВорожцова
_bИ. Б.
_gИрина Борисовна
_4070
701 1 _aВорожцова
_bТ. Б.
_gТатьяна Борисовна
_4070
701 1 _aКолодкина
_bЛ. С.
_gЛюбовь Сергеевна
_4070
801 0 _aRU
_bRuMoRKP
_c20111031
_grcr
801 1 _aRU
_bРГБ
_c20111031
801 2 _aRU
_bNLR
_c20111118
_grcr
830 _aавт. по кн.
942 _cBOOK
980 _aNB
980 _aNBR